000 01238nam0a22003011 4500
001 rc\3277366
005 20250609203045.0
021 _aRU
_b[74-43573]
035 _a(NLR Aleph) 007490754
090 _a7614691
_c7614691
100 _a20130115d1974 |||y0rusy50 ca
101 0 _arus
102 _aRU
105 _aa z |||||
200 1 _aРоль животных в биологическом круговороте лесостепных экосистем
_fАН СССР. Ин-т географии
210 _aМосква
_cНаука
_d1974
215 _a200 с.
_cчерт.
_d21
320 _aСписок лит.: с. 191-199
606 _aЖивотные
_yСреднерусская возвышенность
_2psbo
606 _aБиогеоценозы лесостепей
_xПродуктивность
_xРоль животных
_yСреднерусская возвышенность
_2psbo
700 1 _4070
_7ca
_8rus
_aЗлотин
_bР.И.
_f1940-
_gРоман Исаевич
_9249161
_3RU\NLR\AUTH\770249217
701 1 _aХодашова
_bК.С.
_gКира Семеновна
801 0 _aRU
_bNLR
_gpsbo
801 1 _aRU
_bELAR
_2rusmarc
852 _aNLR
_j74-5/803
942 _cBOOK
980 _aNB